| 000 | 01331cam a22003254a 4500 | ||
|---|---|---|---|
| 001 | 14814380 | ||
| 003 | OSt | ||
| 005 | 20170105102902.0 | ||
| 008 | 070419s2008 mauab b 001 0 eng | ||
| 010 | _a 2007016456 | ||
| 020 | _a9780073403885 (acidfree paper) | ||
| 020 | _a0073403881 (acidfree paper) | ||
| 040 |
_aDLC _cDLC _dDLC |
||
| 050 | 0 | 0 |
_aJZ1305 _b.R68 2008 |
| 082 | 0 | 0 |
_a327 _222 _bROU 2008 |
| 100 | 1 |
_aRourke, John T., _d1945- |
|
| 245 | 1 | 0 |
_aInternational politics on the world stage / _cJohn T. Rourke. |
| 250 | _a12th ed. | ||
| 260 |
_aBoston : _bMcGraw-Hill, _cc2008. |
||
| 300 |
_a1 v. (various pagings) : _bcol. ill., col. maps ; _c25 cm. |
||
| 504 | _aIncludes bibliographical references and index. | ||
| 650 | 0 | _aInternational relations. | |
| 650 | 0 |
_aWorld politics _y1989- |
|
| 856 | 4 | 1 |
_3Table of contents only _uhttp://www.loc.gov/catdir/toc/ecip0716/2007016456.html |
| 856 | 4 | 2 |
_3Contributor biographical information _uhttp://www.loc.gov/catdir/enhancements/fy0745/2007016456-b.html |
| 856 | 4 | 2 |
_3Publisher description _uhttp://www.loc.gov/catdir/enhancements/fy0808/2007016456-d.html |
| 906 |
_a7 _bcbc _corignew _d1 _eecip _f20 _gy-gencatlg |
||
| 942 |
_2ddc _cBK |
||
| 999 |
_c14710 _d14710 |
||